Normal view
MARC view
- Basit Azad
Entry Personal Name
001 - CONTROL NUMBER
- control field: 104548
003 - CONTROL NUMBER IDENTIFIER
- control field: NUST
005 - DATE AND TIME OF LATEST TRANSACTION
- control field: 20221209114418.0
008 - FIXED-LENGTH DATA ELEMENTS
- fixed length control field: 221209|| aca||aabn | a|a d
040 ## - CATALOGING SOURCE
- Original cataloging agency: NUST
- Transcribing agency: NUST
100 ## - HEADING--PERSONAL NAME
- Personal name: Basit Azad
670 ## - SOURCE DATA FOUND
- Source citation: Work cat.: (NUST): Basit Azad., Gallium and Germanium Doped Nanodiamonds for Methanol Detection:, 2022.
